000 00376 a2200169 4500
001 72767
020 _a8510032513
040 _cAnchieta - Colégio São Paulo
100 _aScordamaglio, Maria Terezinha
240 1 0 _aMatemática
_lpor
245 1 0 _aMatemática
300 _a248
362 0 _a2004
440 1 _aEditora do Brasil
650 4 _aMatemática
942 _cBK
999 _c72767
_d72767